Financial analysis with Microsoft Excel

Start mastering the tool that finance professionals depend upon every day. FINANCIAL ANALYSIS WITH MICROSOFT ® EXCEL covers all the topics you'll see in a corporate finance course: financial statements, budgets, the Market Security Line, pro forma statements, cost of capital, equities, and debt...

Πλήρης περιγραφή

Αποθηκεύτηκε σε:
Λεπτομέρειες βιβλιογραφικής εγγραφής
Κύριος συγγραφέας: Mayes, Timothy R.
Μορφή: Βιβλίο
Γλώσσα:Undetermined
Έκδοση: Mason, OH Thomson/South Western c2007
Θέματα:
Ετικέτες: Προσθήκη ετικέτας
Δεν υπάρχουν, Καταχωρήστε ετικέτα πρώτοι!
Thư viện lưu trữ: Trung tâm Học liệu Trường Đại học Cần Thơ
LEADER 01171nam a2200229Ia 4500
001 CTU_153286
008 210402s9999 xx 000 0 und d
020 |c 40.12 
082 |a 005.54 
082 |b M468/4th 
100 |a Mayes, Timothy R. 
245 0 |a Financial analysis with Microsoft Excel 
245 0 |c Timothy R. Mayes, Todd M. Shank. 
260 |a Mason, OH 
260 |b Thomson/South Western 
260 |c c2007 
520 |a Start mastering the tool that finance professionals depend upon every day. FINANCIAL ANALYSIS WITH MICROSOFT ® EXCEL covers all the topics you'll see in a corporate finance course: financial statements, budgets, the Market Security Line, pro forma statements, cost of capital, equities, and debt. Plus, it's easy-to-read and full of study tools that will help you succeed in class 
650 |a Microsoft Excel (Computer file),Corporations,Business,Corporations,Electronic spreadsheets,Hệ điều hành máy tính,Bảng số liệu điện tử 
650 |x Finance,Computer programs,Finance 
650 |y Computer programs 
904 |i Nguyên 
980 |a Trung tâm Học liệu Trường Đại học Cần Thơ